| 000 | 01529nam a22003017a 4500 | ||
|---|---|---|---|
| 003 | PE SENCICO BE | ||
| 005 | 20260224175945.0 | ||
| 008 | 251113b |||||||| |||| 00| 0 eng d | ||
| 017 | _2b-49-.166-2007 | ||
| 020 | _a978-84-96429-90-1 | ||
| 040 |
_aPE SENCICO BE _cPE SENCICO BE |
||
| 041 | _aspa | ||
| 082 |
_a747 _bI5 |
||
| 110 | 1 |
_aInstituto Monsa de Ediciones _921 _eautor |
|
| 245 | 1 |
_aArquitectura actual interiores domésticos / _cInstituto Monsa de Ediciones |
|
| 250 | _a[1a ed.] | ||
| 260 |
_asin lugar : _bInstituto Monsa de Ediciones, _c2007 |
||
| 300 |
_a239 páginas : _bIlustraciones ; _c31.5 cm. |
||
| 505 | 0 | _aLoft Halley -- Casa de la familia Vos -- Buhardilla Apartamento -- News House -- Casa Skywood -- Casa en Acadpulco, casa en Huatulco -- Casa Mescoli-Goich -- Apatamento en Belgica -- Apartamenteo en el Támesis -- Casa Moebius -- Casa Vieira de Castro | |
| 520 | 3 | _aMuestra una amplia gama de propuestas y estilos. En ellos se pueden aprecias las nuevas tendencias e ideas de una nueva arquitectura de interiores en la que parece no haber lugar para las conversiones decorativas innecesarias y donde el reto se centra en la creación de un espacio-santuario en los que poder refugiarse en medio del caos. | |
| 650 | 1 | 0 |
_aDecoración de interiores _9398 |
| 650 | 2 | 0 |
_aDistribución de espacios (viviendas) _9395 |
| 650 | 2 | 0 |
_aColor en el diseño _9435 |
| 650 | 2 | 0 |
_aProyectos de edificaciones _9436 |
| 650 | 2 | 0 |
_aEspacios interiores _9437 |
| 910 | _ahfp | ||
| 942 |
_2ddc _cLIB |
||
| 999 |
_c9761 _d9761 |
||